000 00313nam a22001217a 4500
008 160506b xxu||||| |||| 00| 0 eng d
020 _a9780838555880
020 _a08385055888
041 _aeng
080 _a61
245 _aLaboratory tests and diagnostic procedures:
_cJane Vincent Corbett RN;
942 _2udc
_cBK
999 _c1853
_d1853